Cost update (Record no. 82196)

MARC details
000 -LEADER
fixed length control field 00790cab a22001815a 4500
001 - CONTROL NUMBER
control field L149520
008 - FIXED-LENGTH DATA ELEMENTS--GENERAL INFORMATION
fixed length control field 160310s20101204xxk f 000 0 eng d
035 ## - SYSTEM CONTROL NUMBER
System control number (Sirsi) u149520
041 0# - LANGUAGE CODE
Language code of text/sound track or separate title eng
100 1# - MAIN ENTRY--PERSONAL NAME
Personal name Fordham, Peter
245 00 - TITLE STATEMENT
Title Cost update
260 ## - PUBLICATION, DISTRIBUTION, ETC.
Date of publication, distribution, etc. 2010
490 ## - SERIES STATEMENT
Series statement Building
Volume/sequential designation 275 (8618) 26 February 2010, 60-62(3)
520 ## - SUMMARY, ETC.
Summary, etc. Quarterly analysis of changes to construction costs and prices shows many costs are beginning to rise. All the construction cost index series are now on an upward trend. Construction materials prices show sharp rise over last six months. Wages remain frozen for builders, plumbers and H&V operatives. Wage increases for electricians 5% and steel erectors 2%.
590 ## - LOCAL NOTE (RLIN)
Local note KA
690 ## - LOCAL SUBJECT ADDED ENTRY--TOPICAL TERM (OCLC, RLIN)
Topical term or geographic name as entry element BUILT ENVIRONMENT-CONSTRUCTION MARKET
942 ## - ADDED ENTRY ELEMENTS (KOHA)
Suppress in OPAC 0
Holdings
Withdrawn status Lost status Source of classification or shelving scheme Damaged status Not for loan Home library Current library Shelving location Date acquired Total Checkouts Full call number Barcode Date last seen Copy number Price effective from Koha item type
    Dewey Decimal Classification     London London Journal article 16/03/2010   L149520 149520-1001 06/08/2019 1 06/08/2019 Journal article